Los derechos humanos. Documentos básicos
Збережено в:
| Автор: | |
|---|---|
| Формат: | Книга |
| Мова: | Іспанська |
| Опубліковано: |
Santiago, Chile:
Jurídica,
2000
|
| Редагування: | Tercera Edición Actualizada. |
| Предмети: | |
| Теги: |
Додати тег
Немає тегів, Будьте першим, хто поставить тег для цього запису!
|
MARC
| LEADER | 00000nam a2200000 a 4500 | ||
|---|---|---|---|
| 001 | UCP9247 | ||
| 003 | CL-VaPUC | ||
| 005 | 20250319120651.0 | ||
| 008 | 000324e20000000CL |||||||||||||||||spa|d | ||
| 999 | |c 286077 |d 286075 | ||
| 040 | |c Pontificia Universidad Católica de Valparaíso | ||
| 082 | 0 | 4 | |a 323.4 PAC 2000 |2 21 |
| 100 | 1 | |a Pacheco Gómez, Máximo |e autor |9 493315 | |
| 245 | 1 | 4 | |a Los derechos humanos. Documentos básicos |
| 250 | |a Tercera Edición Actualizada. | ||
| 260 | |a Santiago, Chile: |b Jurídica, |c 2000 | ||
| 300 | |a 3 tomos. | ||
| 505 | |a T.I: I. Documentos Generales. II. Derecho de Libre Determinación. III. Prevención de la Discriminación. IV. Derechos Humanos de la Mujer. V. Derechos Humanos del Niño. T.II: VI. Crímenes de Guerra y Crímenes de Lesa Humanidad, Incluso el Genocidio. VII. Esclavitud, Servidumbre, Trabajo Forzoso e Instituciones y Prácticas Análogas. VIII. Los Derechos Humanos en la Administración de Justicia; Protección de Personas Sometidas a Detención o Prisión. IX. Nacionalidad, Apatridia, Asilo y Refugiados. X. Libertad de Información. XI. Libertad de Asociación. XII. Política del Empleo. XIII. Matrimonio y Familia. T.III: XIV. Bienestar, Progreso y Desarrollo en lo Social. XV. Derecho a Disfrutar de la Cultura, Desarrollo y Cooperación Cultural Internacional. XVI. Ley Humanitaria. XVII. Anexo. | ||
| 583 | |a last modification |c 20000324 00:00:00 |k Rodrigo Vera | ||
| 650 | 1 | |a Derechos humanos |9 223025 | |
| 650 | 1 | |a Derechos fundamentales |9 254841 | |
| 650 | 1 | |a Libre determinación |x Derecho |9 897153 | |
| 650 | 1 | |a Discriminación |x Aspectos legales |9 897168 | |
| 650 | 1 | |a Discriminación racial |9 897169 | |
| 650 | 1 | |a Esclavitud |x Servidumbre |x Aspectos legales |9 897155 | |
| 650 | 1 | |a Administración de justicia |9 382749 | |
| 650 | 1 | |a Crímenes de guerra |9 344323 | |
| 650 | 1 | |a Derecho laboral |9 15 | |
| 650 | 1 | |a Libertad de información |9 257205 | |
| 650 | 1 | |a Libertad de asociación |9 256580 | |
| 650 | 1 | |a Derechos de la mujer |9 257074 | |
| 650 | 1 | |a Derecho de familia |9 255603 | |
| 650 | 1 | |a Desarrollo social |9 264534 | |
| 650 | 1 | |a Derecho internacional |9 255637 | |
| 942 | |c BK |2 ddc | ||
| 945 | |d 20000324 00:00:00 |a vberengu | ||
| 952 | |0 0 |1 0 |4 0 |6 323_400000000000000_PAC_2000 |7 0 |8 A |9 331368 |a BIBDER |b BIBDER |d 2019-11-20 |h t.I |i 3597598 |o 323.4 PAC 2000 |p 3597598 |r 2023-01-25 |w 2019-11-20 |y BK |k DER | ||
| 952 | |0 0 |1 0 |4 0 |6 323_400000000000000_PAC_2000 |7 0 |8 A |9 331369 |a BIBDER |b BIBDER |d 2019-11-20 |h t.II |i 3597601 |o 323.4 PAC 2000 |p 3597601 |r 2023-01-25 |w 2019-11-20 |y BK |k DER | ||
| 952 | |0 0 |1 0 |4 0 |6 323_400000000000000_PAC_2000 |7 0 |8 A |9 331370 |a BIBDER |b BIBDER |d 2019-11-20 |h t.III |i 359761K |o 323.4 PAC 2000 |p 359761K |r 2023-01-25 |w 2019-11-20 |y BK |k DER | ||
| 952 | |0 0 |1 0 |4 0 |6 323_400000000000000_PAC_2000 |7 0 |8 A |9 331371 |a BIBDER |b BIBDER |d 2019-11-20 |h t.I |i 4373820 |o 323.4 PAC 2000 |p 4373820 |r 2023-01-25 |w 2019-11-20 |y BK |k DER | ||
| 952 | |0 0 |1 0 |4 0 |6 323_400000000000000_PAC_2000 |7 0 |8 A |9 331372 |a BIBDER |b BIBDER |d 2019-11-20 |h t.II |i 4373839 |o 323.4 PAC 2000 |p 4373839 |r 2023-01-25 |w 2019-11-20 |y BK |k DER | ||
| 952 | |0 0 |1 0 |4 0 |6 323_400000000000000_PAC_2000 |7 0 |8 A |9 331373 |a BIBDER |b BIBDER |d 2019-11-20 |h t.III |i 4373847 |o 323.4 PAC 2000 |p 4373847 |r 2023-01-25 |w 2019-11-20 |y BK |k DER | ||
| 952 | |0 0 |1 0 |4 0 |6 323_400000000000000_PAC_2000 |7 0 |8 A |9 331374 |a BIBDER |b BIBDER |d 2019-11-20 |h t.I |i 4484592 |o 323.4 PAC 2000 |p 4484592 |r 2023-01-25 |w 2019-11-20 |y BK |k DER | ||
| 952 | |0 0 |1 0 |4 0 |6 323_400000000000000_PAC_2000 |7 0 |8 A |9 331375 |a BIBDER |b BIBDER |d 2019-11-20 |h t.II |i 4484606 |o 323.4 PAC 2000 |p 4484606 |r 2023-01-25 |w 2019-11-20 |y BK |k DER | ||
| 952 | |0 0 |1 0 |4 0 |6 323_400000000000000_PAC_2000 |7 0 |8 A |9 331376 |a BIBDER |b BIBDER |d 2019-11-20 |h t.III |i 4484614 |o 323.4 PAC 2000 |p 4484614 |r 2023-01-25 |w 2019-11-20 |y BK |k DER | ||
| 952 | |0 0 |1 0 |4 0 |6 323_400000000000000_PAC_2000 |7 0 |8 A |9 331377 |a BIBDER |b BIBDER |d 2019-11-20 |h t.I |i 4509153 |o 323.4 PAC 2000 |p 4509153 |r 2023-01-25 |w 2019-11-20 |y BK |k DER | ||
| 952 | |0 0 |1 0 |4 0 |6 323_400000000000000_PAC_2000 |7 0 |8 A |9 331378 |a BIBDER |b BIBDER |d 2019-11-20 |h t.II |i 4509161 |o 323.4 PAC 2000 |p 4509161 |r 2023-01-25 |w 2019-11-20 |y BK |k DER | ||
| 952 | |0 0 |1 0 |4 0 |6 323_400000000000000_PAC_2000 |7 0 |8 A |9 331379 |a BIBDER |b BIBDER |d 2019-11-20 |h t.III |i 450917K |o 323.4 PAC 2000 |p 450917K |r 2023-01-25 |w 2019-11-20 |y BK |k DER | ||